000 02263nam a2200229Ia 4500
999 _c30941
_d30941
003 OSt
005 20220325111452.0
008 160316s2012 xxu||||| |||| 00| 0 eng d
020 _a9788180386336
040 _cnls
082 _a345.54
_bRAT-1
100 _aRatanlal Ranchhoddas
245 _aThe Indian penal code
250 _a33rd Rep
260 _aNagpur
_bWadhwa & Co.
_c2012
300 _a1247p
_cix
365 _bRs. 595
505 _aContents: Titles; Contents; Arrangements of Sections; Explanation of Abbreviations; Table of Cases; General Introduction; Text; Summary; Subject-Index; Chapters: 1. Introduction (ss. 1-5); 2. General Explanations (ss. 6-52A); 3. Of Punishments (ss. 53-75); 4. General Exceptions (ss. 76-106); 5. Of Abetment (ss. 107-120); 5A. Of Offences Against the State (ss. 120A-120B); 6. Of Offences Against the State (ss. 121-130); 7. Of Offences Relating to the Army, Navy and Air Force (ss. 131-140); 8. Of Offences Against the Public Tran-Quillity (ss. 141-160); 9. Of Offences by or relating to Public Servants (ss. 161-171); 9A. Of Offences Relating to Elections (ss. 171A-171I); 10. Of Contempts of the Lawful Authority of Public Servants (ss. 172-190); 11. Of False Evidence and Offences against Public Justice (ss. 191-229); 12. Of Offences Relating to Coin and Government Stamps (ss. 230-260A); 13. Of Offences relating to Weights and Measures (ss. 264-267); 14. Of Offences Affecting the Public Health, Safety, Convenience, Decency and Morals (ss. 268-294A); 15. Of Offences relating to Religion (ss. 295-298); 16. Of Offences affecting the Human Body (ss. 299-377); 17. Of Offences against Property (ss. 378-462); 18. Of Offences relating to Documents and to Property Marks (ss. 463-489E); 19. Of the Criminal Breach of Contracts of Services (ss. 490-492); 20. Of Offences relating to Marriage (ss. 493-498); 20A. Of Cruelty by Husband or Relatives of Husband (s. 498A); 21. Of Defamation Ass. 499-502); 22. Of Criminal Intimidation, Insult and An - Noyance (ss. 503-510); 23. Of Attempts to Commit Offences (s. 511); Summary; Subject-Index.
650 _a1. Criminal Law - Indian Penal Code - India
700 _aDhirajlal Keshavlal Thakore
_a
942 _2ddc
_cBK